00542nam a2200193 a 4500001001300000003000900013005001700022008004100039020002300080082001600103100002100119245005300140260003300193300000900226500003500235505001700270650004000287700002100327nice12345678IN_TiNIC20260116015005.0050524s1986 onta grp 000 0 eng  a0836133 c10000a303.61bFRI aFriesen, Duane K aChristian Peacemaking and International Conflict aOntariobHerald Press c1986 a304p aincludes index and biblioraphy2 aNotes, Index aConflict Resolution-Religion Approa1 aFriesen, Duane K